The theory of education in Plato's Republic / (Record no. 18185)
[ view plain ]
| 000 -LEADER | |
|---|---|
| fixed length control field | 01028cam a22002771 4500 |
| 001 - CONTROL NUMBER | |
| control field | 18185 |
| 003 - CONTROL NUMBER IDENTIFIER | |
| rucl marc code | BD-RjUL |
| 005 - DATE AND TIME OF LATEST TRANSACTION | |
| control field | 20211209000240.0 |
| 008 - FIXED-LENGTH DATA ELEMENTS--GENERAL INFORMATION | |
| fixed length control field | 140219s19611935xx 000 0 eng |
| 035 ## - SYSTEM CONTROL NUMBER | |
| System control number | (BD-RjUL)18243 |
| System control number | (OCoLC)929013 |
| 040 ## - CATALOGING SOURCE | |
| Original cataloging agency | DLC |
| Transcribing agency | OAU |
| Modifying agency | DLC |
| -- | BD-RjUL |
| Language of cataloging | eng |
| 041 ## - LANGUAGE CODE | |
| Language code of text/sound track or separate title | eng |
| 082 ## - DEWEY DECIMAL CLASSIFICATION NUMBER | |
| Classification number | 370.938 |
| Author mark and year | NET 1961 |
| 100 1# - MAIN ENTRY--PERSONAL NAME | |
| Personal name | Nettleship, Richard Lewis. |
| Dates associated with a name | 1846-1892. |
| 9 (RLIN) | 55994 |
| 245 14 - TITLE STATEMENT | |
| Title | The theory of education in Plato's Republic / |
| Statement of responsibility, etc. | by R. L. Nettleship. With an introduction by Spencer Leeson. |
| 260 ## - PUBLICATION, DISTRIBUTION, ETC. (IMPRINT) | |
| Place of publication, distribution, etc. | Oxford : |
| Name of publisher, distributor, etc. | The Clarendon press, |
| Date of publication, distribution, etc. | 1935 [Reprint 1961].. |
| 300 ## - PHYSICAL DESCRIPTION | |
| Pagination | viii, 155, [1] p. ; |
| Size | 19 cm. |
| 500 ## - GENERAL NOTE | |
| General note | "The essay that is here reprinted was first published in Hellenica in 1880... The text has been taken from the second edition of Hellenica, published in 1898."--p.[v]-vi. |
| 600 00 - SUBJECT ADDED ENTRY--PERSONAL NAME | |
| Personal name | Plato. |
| 650 #0 - SUBJECT ADDED ENTRY--TOPICAL TERM | |
| Topical term or geographic name as entry element | Education, Greek. |
| 9 (RLIN) | 22231 |
| 700 1# - ADDED ENTRY--PERSONAL NAME | |
| Personal name | Leeson, Spencer, |
| Dates associated with a name | 1892- |
| Relator term | ed. |
| 942 ## - ADDED ENTRY ELEMENTS (KOHA) | |
| Source of classification or shelving scheme | Dewey Decimal Classification |
| Koha item type | Books |
| Lost status | Source of classification or shelving scheme | Damaged status | Not for loan | Collection code | Permanent Location | Current Location | Shelving location | Date acquired | Source of acquisition | Cost, normal purchase price | Total Checkouts | Full call number | Date last seen | Date checked out | Copy number | Koha item type |
|---|---|---|---|---|---|---|---|---|---|---|---|---|---|---|---|---|
| Dewey Decimal Classification | Non-fiction | Central Library, University of Rajshahi | Central Library, University of Rajshahi | 22/01/1965 | Zeitlinger | 8.60 | 1 | 370.938 NET 1961 | 21/08/2025 | 10/08/2025 | C-3 | Books | ||||
| Dewey Decimal Classification | Non-fiction | Central Library, University of Rajshahi | Central Library, University of Rajshahi | 03/02/1965 | Zeitlinger | 370.938 NET 1961 | 24/06/2014 | C-9 | Books | |||||||
| Dewey Decimal Classification | Non-fiction | Central Library, University of Rajshahi | Central Library, University of Rajshahi | 02/11/1962 | Zeitlinger | 8.60 | 370.938 NET 1961 | 24/06/2014 | C-4 | Books | ||||||
| Dewey Decimal Classification | Non-fiction | Central Library, University of Rajshahi | Central Library, University of Rajshahi | 02/11/1962 | Zeitlinger | 8.60 | 370.938 NET 1961 | 24/06/2014 | C-6 | Books | ||||||
| Dewey Decimal Classification | Not For Loan | Non-fiction | Central Library, University of Rajshahi | Central Library, University of Rajshahi | Reading Room | 02/11/1962 | Zeitlinger | 8.60 | 370.938 NET 1961 | 19/01/2017 | C-1 | Books |